|
|
|
|
| LEADER |
00000nam a2200000 i 4500 |
| 001 |
IT\ICCU\LZ1\0007272 |
| 003 |
ItRI |
| 005 |
20240311110717.0 |
| 008 |
220802s2022 it |||||| |||||e|||||c |
| 015 |
|
|
|2 IT
|a 2022-10449
|
| 020 |
|
|
|a 9788855223638
|
| 040 |
|
|
|b ita
|c C
|
| 041 |
|
7 |
|a ita
|2 ISO-639-2
|
| 082 |
|
|
|a 306.76609458131
|2 23
|
| 100 |
1 |
|
|a Goretti, Gianfranco
|0 IT\ICCU\RAVV\466746
|4 aut
|
| 240 |
1 |
3 |
|a La città e l'isola
|9 Goretti, Gianfranco
|
| 245 |
1 |
3 |
|a La città e l'isola :
|b omosessuali al confino nell'Italia fascista /
|c Gianfranco Goretti e Tommaso Giartosio ; prefazione di Vittorio Lingiardi.
|
| 260 |
|
|
|a Roma :
|b Donzelli,
|c 2022
|
| 300 |
|
|
|a XVII, 276 p. :
|b ill. ;
|c 17 cm
|
| 650 |
|
7 |
|a Omosessuali
|x Discriminazione
|x Catania
|x 1926-1943
|2 nsbncf
|
| 700 |
1 |
|
|a Giartosio, Tommaso
|0 IT\ICCU\LO1V\154233
|4 aut
|
| 700 |
1 |
|
|a Lingiardi, Vittorio
|0 IT\ICCU\RAVV\056499
|4 aui
|
| 830 |
|
0 |
|a Saggine ;
|v 370
|0 IT\ICCU\RAV\0233095
|
| 942 |
|
|
|2 ddc
|c BK
|
| 952 |
|
|
|0 0
|1 0
|2 ddc
|4 0
|6 306_766000000000000_GOR_CIT
|7 1
|9 1866
|a RA
|b RA
|d 2024-08-28
|l 0
|o 306.766 GOR CIT
|p 9463
|r 2024-08-28 09:48:34
|w 2024-08-28
|y BK
|z Donazione di Pietro Brentini
|
| 952 |
|
|
|0 0
|1 0
|2 ddc
|4 0
|6 306_766000000000000_GOR_CIT
|7 1
|9 4014
|a AO
|b AO
|d 2025-04-26
|l 0
|o 306.766 GOR CIT
|p 11199
|r 2025-04-26 11:47:32
|w 2025-04-26
|x Di proprietà di Giulio Gasperini
|y BK
|
| 981 |
|
1 |
|6 z01
|a i
|b xxxe
|
| 982 |
|
1 |
|6 z01
|a n
|
| 999 |
|
|
|c 306
|d 306
|